| 000 | 02465nam a2200565 i 4500 | ||
|---|---|---|---|
| 999 | _c54471 | ||
| 001 | 7lbv3t1j54h7sgnr | ||
| 003 | LIBRIS | ||
| 005 | 20201111144539.0 | ||
| 008 | 200921s2017 sw |||||||||||000 fdswe|d | ||
| 020 |
_a9789113076607 _qinbunden |
||
| 040 |
_aS _bswe _ei _erda |
||
| 041 | _aswe | ||
| 082 | 0 | 4 |
_a839.7374 _223/swe |
| 084 |
_aHc.01 _2kssb/8 |
||
| 100 | 1 |
_aPleijel, Agneta, _d1940- _4aut _0https://libris.kb.se/ljx01d144mv5hrb#it |
|
| 245 | 1 | 0 |
_aDoften av en man / _cAgneta Pleijel. |
| 264 | 1 |
_aStockholm : _bNorstedts, _c[2017] |
|
| 264 | 3 |
_aFalun : _bScandbook AB, _c2017 |
|
| 300 |
_a291 sidor _c22 cm |
||
| 336 |
_atext _btxt _2rdacontent |
||
| 337 |
_aunmediated _bn _2rdamedia |
||
| 338 |
_avolume _bnc _2rdacarrier |
||
| 500 | _aOriginalupplaga 2017 | ||
| 600 | 1 | 4 |
_aPleijel, Agneta, _d1940- _0https://libris.kb.se/ljx01d144mv5hrb#it |
| 650 | 7 |
_aKvinnor _0https://id.kb.se/term/sao/Kvinnor _2sao |
|
| 650 | 7 |
_aIdentitetssökande _0https://id.kb.se/term/sao/Identitetss%C3%B6kande _2sao |
|
| 650 | 7 |
_aKärlek _0https://id.kb.se/term/sao/K%C3%A4rlek _2sao |
|
| 650 | 0 | _aLove | |
| 650 | 0 | _aWomen | |
| 655 | 7 |
_aSjälvbiografiska skildringar _0https://id.kb.se/term/saogf/Sj%C3%A4lvbiografiska%20skildringar _2saogf |
|
| 655 | 7 |
_aRomaner _0https://id.kb.se/term/saogf/Romaner _2saogf |
|
| 887 |
_a{"@id":"7lbv3t1j54h7sgnr","modified":"2020-09-21T13:42:23.765+02:00","checksum":"186251316314"} _2librisxl |
||
| 900 | 1 | s |
_6100,600 _d1940- _uPleijel, Agneta, _d1940- |
| 900 | 1 | s |
_6100,600 _d1940- _uPleijel, Agneta, _d1940- |
| 900 | 1 | s |
_6100,600 _d1940- _uPleijel, Agneta, _d1940- |
| 900 | 1 | s |
_6100,600 _d1940- _uPleijel, Agneta, _d1940- |
| 900 | 1 | s |
_6100,600 _d1940- _uPleijel, Agneta, _d1940- |
| 900 | 1 | s |
_6100,600 _d1940- _uPleijel, Agneta, _d1940- |
| 900 | 1 | s |
_6100,600 _d1940- _uPleijel, Agneta, _d1940- |
| 900 | 1 | s |
_6100,600 _d1940- _uPleijel, Agneta, _d1940- |
| 942 |
_2z _cBOOK |
||